| 000 | 00502nam a22001697a 4500 | ||
|---|---|---|---|
| 003 | OSt | ||
| 005 | 20140310182454.0 | ||
| 008 | 130220t xxu||||| |||| 00| 0 eng d | ||
| 020 | _a9789715845700 | ||
| 050 |
_aQD 45 _b.Sa191 2007 |
||
| 100 |
_a Samonte, Joseph L. _92252 |
||
| 245 |
_aGeneral chemistry laboratory manual / _c Joseph L. Samonte and Lolibeth V. Figueroa |
||
| 260 |
_aManila : _bC & E Publishing, _cc2007. |
||
| 300 |
_a111 p. : _c26 cm. _bill. ; |
||
| 942 |
_2lcc _cSSLC |
||
| 999 |
_c13713 _d13713 |
||